UM Logo

Peak and valley current control for cuk PFC converter to reduce capacitance / (Record no. 18845)

MARC details
000 -LEADER
fixed length control field 01139nam a22002777a 4500
003 - CONTROL NUMBER IDENTIFIER
control field OSt
005 - DATE AND TIME OF LATEST TRANSACTION
control field 20251016173355.0
008 - FIXED-LENGTH DATA ELEMENTS--GENERAL INFORMATION
fixed length control field 240201b ||||| |||| 00| 0 eng d
040 ## - CATALOGING SOURCE
Transcribing agency 0
082 ## - DEWEY DECIMAL CLASSIFICATION NUMBER
Classification number DPer 621.317 Ie21 January 2022 v. 37 n. 1
100 ## - MAIN ENTRY--PERSONAL NAME
Personal name Liu, Yonglu.
Relator term author.
9 (RLIN) 51050
245 ## - TITLE STATEMENT
Title Peak and valley current control for cuk PFC converter to reduce capacitance /
Statement of responsibility, etc. Yonglu Liu, Haojie Zhang, Hui Wang, Hanbing Dan, Mei Su, and Xiaogang Pan.
260 ## - PUBLICATION, DISTRIBUTION, ETC. (IMPRINT)
Place of publication, distribution, etc. New York ;
Name of publisher, distributor, etc. The Institute of Electrical and Electronics Engineers, Inc. ,
Date of publication, distribution, etc. January 2022.
300 ## - PHYSICAL DESCRIPTION
Extent Volume 37, pages 313-321 :
Other physical details illustration ;
Dimensions 28 cm.
500 ## - GENERAL NOTE
General note IEEE Transactions on Power Electronics, v. 37, n. 1, pages 313-321, January 2022.
650 ## - SUBJECT ADDED ENTRY--TOPICAL TERM
Topical term or geographic name as entry element Electronics.
9 (RLIN) 57048
650 ## - SUBJECT ADDED ENTRY--TOPICAL TERM
Topical term or geographic name as entry element Electric controllers.
9 (RLIN) 11715
650 #0 - SUBJECT ADDED ENTRY--TOPICAL TERM
Topical term or geographic name as entry element DC-DC power converters.
9 (RLIN) 65746
700 ## - ADDED ENTRY--PERSONAL NAME
Personal name Liu, Yonglu.
Relator term author.
9 (RLIN) 51050
700 ## - ADDED ENTRY--PERSONAL NAME
Personal name Zhang, Haojie.
Relator term author.
9 (RLIN) 51051
700 ## - ADDED ENTRY--PERSONAL NAME
Personal name Wang, Hui.
Relator term author.
9 (RLIN) 51052
700 ## - ADDED ENTRY--PERSONAL NAME
Personal name Dan, Hanbing.
Relator term author.
9 (RLIN) 51053
700 ## - ADDED ENTRY--PERSONAL NAME
Personal name Su, Mei.
Relator term author.
9 (RLIN) 51054
700 ## - ADDED ENTRY--PERSONAL NAME
Personal name Pan, Xiaogang.
Relator term author.
9 (RLIN) 51055
942 ## - ADDED ENTRY ELEMENTS (KOHA)
Source of classification or shelving scheme Dewey Decimal Classification
Koha item type Periodicals
Holdings
Withdrawn status Lost status Source of classification or shelving scheme Damaged status Not for loan Collection code Home library Current library Date acquired Total Checkouts Full call number Date last seen Price effective from Koha item type Public note
    Dewey Decimal Classification     Periodicals UM Digos College - LIC UM Digos College - LIC 02/01/2024   DPer 621.317 Ie21 January 2022 v. 37 n. 1 02/01/2024 02/01/2024 Periodicals Periodical Article